Concise oxford dictionary of quotations (Record no. 11945)

MARC details
000 -LEADER
fixed length control field 00318nam a2200121Ia 4500
082 ## - DEWEY DECIMAL CLASSIFICATION NUMBER
Classification number RR 808.88203 CON;
245 #0 - TITLE STATEMENT
Title Concise oxford dictionary of quotations
260 ## - PUBLICATION, DISTRIBUTION, ETC. (IMPRINT)
Place of publication London
Name of publisher Oxford University Press
Year of publication 1964
300 ## - PHYSICAL DESCRIPTION
Number of Pages 481p.
504 ## - BIBLIOGRAPHY, ETC. NOTE
Bibliography, etc Includes index
650 ## - SUBJECT ADDED ENTRY--TOPICAL TERM
Topical Term Quotations - Dictionaries
942 ## - ADDED ENTRY ELEMENTS (KOHA)
Koha item type Books
Source of classification or shelving scheme Dewey Decimal Classification
Holdings
Withdrawn status Lost status Damaged status Not for loan Home library Current library Date acquired Full call number Accession Number Price effective from Koha item type
        NASSDOC Library NASSDOC Library 08/06/2004 RR 808.88203 CON; 1056 18/04/2019 Books